000 00668nam a2200229Ii 4500
001 14850
003 CO-ViMGA
005 20260318200727.0
008 241108s9999||||xx |||||||||||||| ||und||
040 _aCO-ViMGA
_bspa
_erda
_cCO-ViMGA
041 0 _aspa
082 0 4 _a5 0001
110 1 _aAcademia de Historia del Meta
_915757
245 1 0 _aRevista de la academia de historia del Meta
264 1 _aBogotá, Colombia : Visual Visaules, 1986
300 _avolumen
336 _atext
_btxt
_2rdacontent
337 _aunmediated
_bn
_2rdamedia
338 _avolume
_bnc
_2rdacarrier
830 _aRNBP
_969122
940 _aidficha_siabuc: 14541. -- ficha_no_siabuc:14850
999 _c47898
_d47898